Geography of Air transport in India (Record no. 526600)

000 -LEADER
fixed length control field 00235nam a22000977a 4500
082 ## - DEWEY DECIMAL CLASSIFICATION NUMBER
Classification number SNT W6x54 D23
100 ## - MAIN ENTRY--PERSONAL NAME
Personal name Das, Pradyumna
9 (RLIN) 46076
245 ## - TITLE STATEMENT
Title Geography of Air transport in India
260 ## - PUBLICATION, DISTRIBUTION, ETC. (IMPRINT)
Place of publication, distribution, etc Delhi
Name of publisher, distributor, etc Vista
Date of publication, distribution, etc 2007
300 ## - PHYSICAL DESCRIPTION
Extent 197p.
Holdings
Withdrawn status Lost status Source of classification or shelving scheme Damaged status Koha normalized classification for sorting Not for loan Permanent location Current location Date acquired Full call number Barcode Date last seen Price effective from Koha item type
        SNT_W6X54_D23   Indian Institute of Public Administration Indian Institute of Public Administration 2024-06-13 SNT W6x54 D23 GR25014 2024-06-13 2024-06-13 GR

Powered by Koha